000 00582nam a2200181 i 4500
001 36979
003 ES-MaACL
005 20231229063004.0
007 t|
008 160728s1840 sp |||| | spa d
080 _a821.134.23-24"18"
100 1 _aZorrilla, José,
_d1817-1893
_9118354
245 1 3 _aEl zapatero y el rey
_b: drama en cuatro actos /
_cpor José Zorrila.
260 _aMadrid :
_b[s.n.],
_c1840 (
_fImp. Yenes)
300 _a110 p. ;
_c19 cm.
852 _aES-MaACL
_jD-1760(3)
_z- Enc. hol.
_z. - Legado de Modesto de la Fuente
999 _c36979
_d36979